| 000 | 01390cam a2200325 a 4500 | ||
|---|---|---|---|
| 001 | 3051500 | ||
| 005 | 20060807182321.0 | ||
| 008 | 960214s1996 enk b 001 0 eng | ||
| 010 | _a 96011337 | ||
| 020 | _a0415144124 (pbk. : alk. paper) | ||
| 020 | _a9780415144124 (pbk. : alk. paper) | ||
| 040 |
_aDLC _cDLC _dDLC |
||
| 050 | 0 | 0 |
_aJA75.8 _b.D48 1996 |
| 082 | 0 | 0 |
_a363.7052501 _222 _bDEM |
| 245 | 0 | 0 |
_aDemocracy and Green Political Thought : _bSustainability, Rights, and Citizenship / _cEdited by Brian Doherty and Marius de Geus. |
| 260 |
_aLondon ; _aNew York : _bRoutledge, 1996 _c1996. |
||
| 300 |
_ax, 246 p. ; _c24 cm. |
||
| 490 |
_924327 _aEuropean Political Science Series |
||
| 504 | _aIncludes bibliographical references and index. | ||
| 650 | 0 |
_aGreen movement. _924328 |
|
| 650 | 0 |
_aDemocracy. _924329 |
|
| 653 |
_bPol _cMay2011 |
||
| 700 | 1 |
_aDoherty, Brian, _d1964- _924330 |
|
| 700 | 1 |
_aGeus, Marius de, _d1954- _924331 |
|
| 856 | 4 | 2 |
_3Publisher description _uhttp://www.loc.gov/catdir/enhancements/fy0649/96011337-d.html |
| 906 |
_a7 _bcbc _corignew _d1 _eocip _f19 _gy-gencatlg |
||
| 942 |
_2ddc _cARCH |
||
| 999 |
_c15446 _d15446 |
||